00271nam a2200109Ia 4500008004100000100001700041245002400058250000900082260004400091300000800135650001800143191201s2005 xx 000 0 und d aNARAYAN, R K 4aThe English Teacher a23th aN.DelhibIndian Thought Publisionc2005 a183 aGeneral Books